British birds with the shortest names - Statistics

General Stats
  • This quiz has been taken 60 times
    50 since last reset
  • The average score is 9 of 19
Answer Stats
Number of letters Bird % Correct
4 Wren
97%
5 Robin
80%
4 Rook
77%
5 Raven
71%
4 Coot
69%
3 Jay
66%
4 Smew
51%
5 Swift
49%
5 Hobby
46%
4 Teal
40%
4 Knot
37%
4 Ruff
37%
5 Quail
31%
4 Shag
31%
5 Twite
29%
5 Eider
23%
5 Snipe
23%
5 Serin
20%
5 Scaup
11%
No matching quizzes found
Score Distribution
Percent of People with Each Score
Percentile by Number Answered
Your Score History
You have not taken this quiz since the last reset